<?xml version="1.0" encoding="UTF-8"?>
<record
    xmlns:xsi="http://www.w3.org/2001/XMLSchema-instance"
    xsi:schemaLocation="http://www.loc.gov/MARC21/slim http://www.loc.gov/standards/marcxml/schema/MARC21slim.xsd"
    xmlns="http://www.loc.gov/MARC21/slim">

  <leader>00699nam a22002177a 4500</leader>
  <controlfield tag="003">3228</controlfield>
  <controlfield tag="005">20220307095517.0</controlfield>
  <controlfield tag="008">220307b        sa ||||| |||| 00| 0 eng d</controlfield>
  <datafield tag="020" ind1=" " ind2=" ">
    <subfield code="a">9780373445219</subfield>
    <subfield code="q">Paperback</subfield>
  </datafield>
  <datafield tag="040" ind1=" " ind2=" ">
    <subfield code="a">Worldcat</subfield>
    <subfield code="b">English</subfield>
    <subfield code="c">Worldcat</subfield>
    <subfield code="e">RDA</subfield>
  </datafield>
  <datafield tag="050" ind1=" " ind2=" ">
    <subfield code="a">EF</subfield>
    <subfield code="b">GUIS</subfield>
  </datafield>
  <datafield tag="082" ind1=" " ind2=" ">
    <subfield code="a">EF</subfield>
    <subfield code="b">GUIS</subfield>
  </datafield>
  <datafield tag="100" ind1=" " ind2=" ">
    <subfield code="a">Giusti, Debby</subfield>
    <subfield code="d">2013</subfield>
    <subfield code="e">{Author}</subfield>
    <subfield code="9">130651</subfield>
  </datafield>
  <datafield tag="245" ind1=" " ind2=" ">
    <subfield code="a">The General's Secretary</subfield>
    <subfield code="c">Debby Giusti</subfield>
  </datafield>
  <datafield tag="260" ind1=" " ind2=" ">
    <subfield code="a">New York</subfield>
    <subfield code="b">Love Inspired Books</subfield>
    <subfield code="c">2013</subfield>
  </datafield>
  <datafield tag="300" ind1=" " ind2=" ">
    <subfield code="a">215 pages</subfield>
    <subfield code="c">17 cm</subfield>
  </datafield>
  <datafield tag="490" ind1=" " ind2=" ">
    <subfield code="3">Love inspired suspense, Millitary investigations</subfield>
    <subfield code="a">Love Inspired Suspend</subfield>
  </datafield>
  <datafield tag="500" ind1=" " ind2=" ">
    <subfield code="a">This is an inspirational fiction book</subfield>
  </datafield>
  <datafield tag="521" ind1=" " ind2=" ">
    <subfield code="a">Adults</subfield>
  </datafield>
  <datafield tag="942" ind1=" " ind2=" ">
    <subfield code="2">ddc</subfield>
    <subfield code="c">BOOK</subfield>
    <subfield code="h">EF</subfield>
    <subfield code="i">GIUS</subfield>
  </datafield>
  <datafield tag="999" ind1=" " ind2=" ">
    <subfield code="c">631095</subfield>
    <subfield code="d">631094</subfield>
  </datafield>
  <datafield tag="952" ind1=" " ind2=" ">
    <subfield code="0">0</subfield>
    <subfield code="1">0</subfield>
    <subfield code="2">ddc</subfield>
    <subfield code="4">0</subfield>
    <subfield code="7">0</subfield>
    <subfield code="8">FIC</subfield>
    <subfield code="a">MIDDL</subfield>
    <subfield code="b">MIDDL</subfield>
    <subfield code="c">FIC</subfield>
    <subfield code="d">2022-03-07</subfield>
    <subfield code="l">0</subfield>
    <subfield code="o">EF GUIS</subfield>
    <subfield code="p">3322830033970</subfield>
    <subfield code="r">2022-03-07</subfield>
    <subfield code="w">2022-03-07</subfield>
    <subfield code="y">CR</subfield>
  </datafield>
</record>
